01096ngm a2200277 a 450000500170000000800410001708200140005811000520007224500830012425000180020730000540022549000280027952001310030765000450043865000400048365000340052370000410055770000340059894200130063226400350064533600270068033700330070733800280074004000350076899900150080320220317001433.0161108s1994 ck g 000 0 s 04a525bD37c aDiscovery Channel Video (Estados Unidos)97292500aColisiones cósmicasbla tierracDiscovery Communicationshvideodisco digital a1a. edición a1 DVD (46 minutos)bsonido, color, digitalc12 cm aDiscovery en la escuela aUn espectacular viaje a través de los impactos y explosiones que han estremecido nuestro planeta, las galaxias y el universo142LEMBaColisiones EspacialesvVideodiscos142LEMBaTierra (Planeta)vVideodiscos142LEMBaAstronomiavVideodiscos10aCarpenter, Katherineeprologo97292710aCowling, Tianeprologo972928 2ddccDVD aBogotábMS Tv & Videosc1994 atextobtxt2rdacontent asin mediaciónbn2rdamedia avolumenbnc2rdacarrier aCO-BoRNBPbspaerdacCO-BoRNBP c6977d6977